| 000 | 00390pab a2200157 454500 | ||
|---|---|---|---|
| 008 | 180718b1998 xxu||||| |||| 00| 0 eng d | ||
| 100 | _aBangia, H.R. | ||
| 245 | _a50 years of the press in India - "a critical review" | ||
| 260 | _c1998 | ||
| 300 | _ap.39-41 | ||
| 362 | _aJan | ||
| 650 | _aPress - India | ||
| 650 | _aPress | ||
| 773 | _aPress Council of India Review | ||
| 909 | _a39150 | ||
| 999 |
_c39150 _d39150 |
||